000 00704nam a2200205Ii 4500
003 JO-AjNU
008 230606s9999||||xx |||||||||||||| ||und||
020 _a0-7099-0508-4
040 _aJO-AjNU
_beng
_erda
_cJO-AjNU
041 _aeng
050 1 4 _aHQ1154 .W6 1982
100 3 _aedited: Anker, Richard/ Buviniâc, Mayra/Youssef, Nadia Haggag,
_eauthor
_92868
245 0 0 _aWomen's Roles and Population Trends in the Third World
264 3 1 _aLondon : Croom Helm,1982
300 _a287p
_b Includes indexes(p282-287)
336 _atext
_btxt
_2rdacontent
337 _aunmediated
_bn
_2rdamedia
338 _avolume
_bnc
_2rdacarrier
650 4 _aWomen- Developing countries - Social conditions
_92869
999 _aE1503
_c1503
_d1503